000 00561 a2200193 4500
001 136643
020 _a9788573599619
040 _cLeonardo Da Vinci
041 _aPortuguês
082 _a658.4080 V273q
_bV273q
100 _aVALLE, Cyro Eyer do
245 _aQualidade ambiental
_biso 14.000
250 _a11.ed
260 _bSenac
_c2002
_aSão Paulo
300 _a205
362 _a20020000
697 _aPolítica ambiental
_aPoluição
_aAdministração de aspsctos ambientais
_aNormas de proteção
_aResíduos industriais
_aFIPEN
_aTGRH
942 _cBK
999 _c136643
_d136643